| 000 | 00406nam a2200169Ia 4500 | ||
|---|---|---|---|
| 008 | 230524s9999 xx 000 0 und d | ||
| 020 | _a8129705494 | ||
| 082 |
_a621.382 _bKOL |
||
| 100 | _aHarold Kolimbiris | ||
| 245 | 0 | _aFiber Optic Communications | |
| 250 | _a4TH | ||
| 260 |
_aNEW DELHI _bPearson _c2004 |
||
| 300 | _a649 | ||
| 500 | _aQuantity Number: 14 | ||
| 650 | _aElectronics | ||
| 942 | _cBK | ||
| 999 |
_c12669 _d12669 |
||